<?xml version="1.0" encoding="UTF-8"?>
<record
    xmlns:xsi="http://www.w3.org/2001/XMLSchema-instance"
    xsi:schemaLocation="http://www.loc.gov/MARC21/slim http://www.loc.gov/standards/marcxml/schema/MARC21slim.xsd"
    xmlns="http://www.loc.gov/MARC21/slim">

  <leader>00867nam a22002417a 4500</leader>
  <controlfield tag="001">7497</controlfield>
  <controlfield tag="003">FISKH</controlfield>
  <controlfield tag="005">20250722105438.0</controlfield>
  <controlfield tag="008">250722b        cb ||||| |||| 00| 0 eng d</controlfield>
  <datafield tag="020" ind1=" " ind2=" ">
    <subfield code="a">9781108742740</subfield>
  </datafield>
  <datafield tag="040" ind1=" " ind2=" ">
    <subfield code="a">FISKH</subfield>
    <subfield code="b">eng</subfield>
    <subfield code="c">FISKH</subfield>
    <subfield code="d">FISKH</subfield>
  </datafield>
  <datafield tag="050" ind1=" " ind2=" ">
    <subfield code="a">PZ7</subfield>
  </datafield>
  <datafield tag="082" ind1=" " ind2=" ">
    <subfield code="a">550</subfield>
  </datafield>
  <datafield tag="100" ind1=" " ind2=" ">
    <subfield code="a">Board, Jon</subfield>
  </datafield>
  <datafield tag="245" ind1=" " ind2=" ">
    <subfield code="a">Cambridge primary Science : </subfield>
    <subfield code="b">Learner's book 2 / </subfield>
    <subfield code="c">Jon Board &amp; Alan Cross</subfield>
  </datafield>
  <datafield tag="260" ind1=" " ind2=" ">
    <subfield code="a">United Kingdom : </subfield>
    <subfield code="b">Cambridge University Press, </subfield>
    <subfield code="c">2021.</subfield>
  </datafield>
  <datafield tag="300" ind1=" " ind2=" ">
    <subfield code="a">185 pages : </subfield>
    <subfield code="b">color illustrations ; </subfield>
    <subfield code="c">28 cm</subfield>
  </datafield>
  <datafield tag="520" ind1=" " ind2=" ">
    <subfield code="a">From finding out how the respiratory system works, to identifying reactants and products in checmical reactions, Cambridge Primary Science gets your learners thingking like scientist!</subfield>
  </datafield>
  <datafield tag="650" ind1=" " ind2=" ">
    <subfield code="a">Science</subfield>
    <subfield code="v">Plan Expiriments</subfield>
    <subfield code="x">Prediction</subfield>
  </datafield>
  <datafield tag="700" ind1=" " ind2=" ">
    <subfield code="a">Cross, Alan</subfield>
    <subfield code="e">Author</subfield>
  </datafield>
  <datafield tag="942" ind1=" " ind2=" ">
    <subfield code="2">ddc</subfield>
    <subfield code="c">BK</subfield>
    <subfield code="n">0</subfield>
  </datafield>
  <datafield tag="999" ind1=" " ind2=" ">
    <subfield code="c">7497</subfield>
    <subfield code="d">7497</subfield>
  </datafield>
  <datafield tag="952" ind1=" " ind2=" ">
    <subfield code="0">0</subfield>
    <subfield code="1">0</subfield>
    <subfield code="2">ddc</subfield>
    <subfield code="4">0</subfield>
    <subfield code="7">0</subfield>
    <subfield code="8">NFIC</subfield>
    <subfield code="a">001</subfield>
    <subfield code="b">001</subfield>
    <subfield code="c">LSHTK</subfield>
    <subfield code="d">2025-07-22</subfield>
    <subfield code="l">0</subfield>
    <subfield code="o">BOA 550 PZ7</subfield>
    <subfield code="p">2025-2524</subfield>
    <subfield code="r">2025-07-22 10:46:47</subfield>
    <subfield code="t">1</subfield>
    <subfield code="w">2025-07-22</subfield>
    <subfield code="y">BK</subfield>
  </datafield>
  <datafield tag="952" ind1=" " ind2=" ">
    <subfield code="0">0</subfield>
    <subfield code="1">0</subfield>
    <subfield code="2">ddc</subfield>
    <subfield code="4">0</subfield>
    <subfield code="7">0</subfield>
    <subfield code="8">NFIC</subfield>
    <subfield code="a">001</subfield>
    <subfield code="b">001</subfield>
    <subfield code="c">LSHTK</subfield>
    <subfield code="d">2025-07-22</subfield>
    <subfield code="l">0</subfield>
    <subfield code="o">BOA 550 PZ7</subfield>
    <subfield code="p">2025-2525</subfield>
    <subfield code="r">2025-07-22 10:47:19</subfield>
    <subfield code="t">2</subfield>
    <subfield code="w">2025-07-22</subfield>
    <subfield code="y">BK</subfield>
  </datafield>
  <datafield tag="952" ind1=" " ind2=" ">
    <subfield code="0">0</subfield>
    <subfield code="1">0</subfield>
    <subfield code="2">ddc</subfield>
    <subfield code="4">0</subfield>
    <subfield code="7">0</subfield>
    <subfield code="8">NFIC</subfield>
    <subfield code="a">001</subfield>
    <subfield code="b">001</subfield>
    <subfield code="c">LSHTK</subfield>
    <subfield code="d">2025-07-22</subfield>
    <subfield code="l">0</subfield>
    <subfield code="o">BOA 550 PZ7</subfield>
    <subfield code="p">2025-2526</subfield>
    <subfield code="r">2025-07-22 10:47:24</subfield>
    <subfield code="t">3</subfield>
    <subfield code="w">2025-07-22</subfield>
    <subfield code="y">BK</subfield>
  </datafield>
  <datafield tag="952" ind1=" " ind2=" ">
    <subfield code="0">0</subfield>
    <subfield code="1">0</subfield>
    <subfield code="2">ddc</subfield>
    <subfield code="4">0</subfield>
    <subfield code="7">0</subfield>
    <subfield code="8">NFIC</subfield>
    <subfield code="a">001</subfield>
    <subfield code="b">001</subfield>
    <subfield code="c">LSHTK</subfield>
    <subfield code="d">2025-07-22</subfield>
    <subfield code="l">0</subfield>
    <subfield code="o">BOA 550 PZ7</subfield>
    <subfield code="p">2025-2527</subfield>
    <subfield code="r">2025-07-22 10:47:31</subfield>
    <subfield code="t">4</subfield>
    <subfield code="w">2025-07-22</subfield>
    <subfield code="y">BK</subfield>
  </datafield>
  <datafield tag="952" ind1=" " ind2=" ">
    <subfield code="0">0</subfield>
    <subfield code="1">0</subfield>
    <subfield code="2">ddc</subfield>
    <subfield code="4">0</subfield>
    <subfield code="7">0</subfield>
    <subfield code="8">NFIC</subfield>
    <subfield code="a">001</subfield>
    <subfield code="b">001</subfield>
    <subfield code="c">LSHTK</subfield>
    <subfield code="d">2025-07-22</subfield>
    <subfield code="l">0</subfield>
    <subfield code="o">BOA 550 PZ7</subfield>
    <subfield code="p">2025-2528</subfield>
    <subfield code="r">2025-07-22 10:47:36</subfield>
    <subfield code="t">5</subfield>
    <subfield code="w">2025-07-22</subfield>
    <subfield code="y">BK</subfield>
  </datafield>
  <datafield tag="952" ind1=" " ind2=" ">
    <subfield code="0">0</subfield>
    <subfield code="1">0</subfield>
    <subfield code="2">ddc</subfield>
    <subfield code="4">0</subfield>
    <subfield code="7">0</subfield>
    <subfield code="8">NFIC</subfield>
    <subfield code="a">001</subfield>
    <subfield code="b">001</subfield>
    <subfield code="c">LSHTK</subfield>
    <subfield code="d">2025-07-22</subfield>
    <subfield code="l">0</subfield>
    <subfield code="o">BOA 550 PZ7</subfield>
    <subfield code="p">2025-2529</subfield>
    <subfield code="r">2025-07-22 10:47:42</subfield>
    <subfield code="t">6</subfield>
    <subfield code="w">2025-07-22</subfield>
    <subfield code="y">BK</subfield>
  </datafield>
  <datafield tag="952" ind1=" " ind2=" ">
    <subfield code="0">0</subfield>
    <subfield code="1">0</subfield>
    <subfield code="2">ddc</subfield>
    <subfield code="4">0</subfield>
    <subfield code="7">0</subfield>
    <subfield code="8">NFIC</subfield>
    <subfield code="a">001</subfield>
    <subfield code="b">001</subfield>
    <subfield code="c">LSHTK</subfield>
    <subfield code="d">2025-07-22</subfield>
    <subfield code="l">0</subfield>
    <subfield code="o">BOA 550 PZ7</subfield>
    <subfield code="p">2025-2530</subfield>
    <subfield code="r">2025-07-22 10:47:47</subfield>
    <subfield code="t">7</subfield>
    <subfield code="w">2025-07-22</subfield>
    <subfield code="y">BK</subfield>
  </datafield>
  <datafield tag="952" ind1=" " ind2=" ">
    <subfield code="0">0</subfield>
    <subfield code="1">0</subfield>
    <subfield code="2">ddc</subfield>
    <subfield code="4">0</subfield>
    <subfield code="7">0</subfield>
    <subfield code="8">NFIC</subfield>
    <subfield code="a">001</subfield>
    <subfield code="b">001</subfield>
    <subfield code="c">LSHTK</subfield>
    <subfield code="d">2025-07-22</subfield>
    <subfield code="l">0</subfield>
    <subfield code="o">BOA 550 PZ7</subfield>
    <subfield code="p">2025-2531</subfield>
    <subfield code="r">2025-07-22 10:47:53</subfield>
    <subfield code="t">8</subfield>
    <subfield code="w">2025-07-22</subfield>
    <subfield code="y">BK</subfield>
  </datafield>
  <datafield tag="952" ind1=" " ind2=" ">
    <subfield code="0">0</subfield>
    <subfield code="1">0</subfield>
    <subfield code="2">ddc</subfield>
    <subfield code="4">0</subfield>
    <subfield code="7">0</subfield>
    <subfield code="8">NFIC</subfield>
    <subfield code="a">001</subfield>
    <subfield code="b">001</subfield>
    <subfield code="c">LSHTK</subfield>
    <subfield code="d">2025-07-22</subfield>
    <subfield code="l">0</subfield>
    <subfield code="o">BOA 550 PZ7</subfield>
    <subfield code="p">2025-2532</subfield>
    <subfield code="r">2025-07-22 10:48:00</subfield>
    <subfield code="t">9</subfield>
    <subfield code="w">2025-07-22</subfield>
    <subfield code="y">BK</subfield>
  </datafield>
  <datafield tag="952" ind1=" " ind2=" ">
    <subfield code="0">0</subfield>
    <subfield code="1">0</subfield>
    <subfield code="2">ddc</subfield>
    <subfield code="4">0</subfield>
    <subfield code="7">0</subfield>
    <subfield code="8">NFIC</subfield>
    <subfield code="a">001</subfield>
    <subfield code="b">001</subfield>
    <subfield code="c">LSHTK</subfield>
    <subfield code="d">2025-07-22</subfield>
    <subfield code="l">0</subfield>
    <subfield code="o">BOA 550 PZ7</subfield>
    <subfield code="p">2025-2533</subfield>
    <subfield code="r">2025-07-22 10:48:07</subfield>
    <subfield code="t">10</subfield>
    <subfield code="w">2025-07-22</subfield>
    <subfield code="y">BK</subfield>
  </datafield>
  <datafield tag="952" ind1=" " ind2=" ">
    <subfield code="0">0</subfield>
    <subfield code="1">0</subfield>
    <subfield code="2">ddc</subfield>
    <subfield code="4">0</subfield>
    <subfield code="7">0</subfield>
    <subfield code="8">NFIC</subfield>
    <subfield code="a">001</subfield>
    <subfield code="b">001</subfield>
    <subfield code="c">LSHTK</subfield>
    <subfield code="d">2025-07-22</subfield>
    <subfield code="l">0</subfield>
    <subfield code="o">BOA 550 PZ7</subfield>
    <subfield code="p">2025-2534</subfield>
    <subfield code="r">2025-07-22 10:48:15</subfield>
    <subfield code="t">11</subfield>
    <subfield code="w">2025-07-22</subfield>
    <subfield code="y">BK</subfield>
  </datafield>
  <datafield tag="952" ind1=" " ind2=" ">
    <subfield code="0">0</subfield>
    <subfield code="1">0</subfield>
    <subfield code="2">ddc</subfield>
    <subfield code="4">0</subfield>
    <subfield code="7">0</subfield>
    <subfield code="8">NFIC</subfield>
    <subfield code="a">001</subfield>
    <subfield code="b">001</subfield>
    <subfield code="c">LSHTK</subfield>
    <subfield code="d">2025-07-22</subfield>
    <subfield code="l">0</subfield>
    <subfield code="o">BOA 550 PZ7</subfield>
    <subfield code="p">2025-2535</subfield>
    <subfield code="r">2025-07-22 10:48:22</subfield>
    <subfield code="t">12</subfield>
    <subfield code="w">2025-07-22</subfield>
    <subfield code="y">BK</subfield>
  </datafield>
  <datafield tag="952" ind1=" " ind2=" ">
    <subfield code="0">0</subfield>
    <subfield code="1">0</subfield>
    <subfield code="2">ddc</subfield>
    <subfield code="4">0</subfield>
    <subfield code="7">0</subfield>
    <subfield code="8">NFIC</subfield>
    <subfield code="a">001</subfield>
    <subfield code="b">001</subfield>
    <subfield code="c">LSHTK</subfield>
    <subfield code="d">2025-07-22</subfield>
    <subfield code="l">0</subfield>
    <subfield code="o">BOA 550 PZ7</subfield>
    <subfield code="p">2025-2536</subfield>
    <subfield code="r">2025-07-22 10:48:30</subfield>
    <subfield code="t">13</subfield>
    <subfield code="w">2025-07-22</subfield>
    <subfield code="y">BK</subfield>
  </datafield>
  <datafield tag="952" ind1=" " ind2=" ">
    <subfield code="0">0</subfield>
    <subfield code="1">0</subfield>
    <subfield code="2">ddc</subfield>
    <subfield code="4">0</subfield>
    <subfield code="7">0</subfield>
    <subfield code="8">NFIC</subfield>
    <subfield code="a">001</subfield>
    <subfield code="b">001</subfield>
    <subfield code="c">LSHTK</subfield>
    <subfield code="d">2025-07-22</subfield>
    <subfield code="l">0</subfield>
    <subfield code="o">BOA 550 PZ7</subfield>
    <subfield code="p">2025-2537</subfield>
    <subfield code="r">2025-07-22 10:48:36</subfield>
    <subfield code="t">14</subfield>
    <subfield code="w">2025-07-22</subfield>
    <subfield code="y">BK</subfield>
  </datafield>
  <datafield tag="952" ind1=" " ind2=" ">
    <subfield code="0">0</subfield>
    <subfield code="1">0</subfield>
    <subfield code="2">ddc</subfield>
    <subfield code="4">0</subfield>
    <subfield code="7">0</subfield>
    <subfield code="8">NFIC</subfield>
    <subfield code="a">001</subfield>
    <subfield code="b">001</subfield>
    <subfield code="c">LSHTK</subfield>
    <subfield code="d">2025-07-22</subfield>
    <subfield code="l">0</subfield>
    <subfield code="o">BOA 550 PZ7</subfield>
    <subfield code="p">2025-2538</subfield>
    <subfield code="r">2025-07-22 10:48:42</subfield>
    <subfield code="t">15</subfield>
    <subfield code="w">2025-07-22</subfield>
    <subfield code="y">BK</subfield>
  </datafield>
  <datafield tag="952" ind1=" " ind2=" ">
    <subfield code="0">0</subfield>
    <subfield code="1">0</subfield>
    <subfield code="2">ddc</subfield>
    <subfield code="4">0</subfield>
    <subfield code="7">0</subfield>
    <subfield code="8">NFIC</subfield>
    <subfield code="a">001</subfield>
    <subfield code="b">001</subfield>
    <subfield code="c">LSHTK</subfield>
    <subfield code="d">2025-07-22</subfield>
    <subfield code="l">0</subfield>
    <subfield code="o">BOA 550 PZ7</subfield>
    <subfield code="p">2025-2539</subfield>
    <subfield code="r">2025-07-22 10:48:49</subfield>
    <subfield code="t">16</subfield>
    <subfield code="w">2025-07-22</subfield>
    <subfield code="y">BK</subfield>
  </datafield>
  <datafield tag="952" ind1=" " ind2=" ">
    <subfield code="0">0</subfield>
    <subfield code="1">0</subfield>
    <subfield code="2">ddc</subfield>
    <subfield code="4">0</subfield>
    <subfield code="7">0</subfield>
    <subfield code="8">NFIC</subfield>
    <subfield code="a">001</subfield>
    <subfield code="b">001</subfield>
    <subfield code="c">LSHTK</subfield>
    <subfield code="d">2025-07-22</subfield>
    <subfield code="l">0</subfield>
    <subfield code="o">BOA 550 PZ7</subfield>
    <subfield code="p">2025-2540</subfield>
    <subfield code="r">2025-07-22 10:48:57</subfield>
    <subfield code="t">17</subfield>
    <subfield code="w">2025-07-22</subfield>
    <subfield code="y">BK</subfield>
  </datafield>
  <datafield tag="952" ind1=" " ind2=" ">
    <subfield code="0">0</subfield>
    <subfield code="1">0</subfield>
    <subfield code="2">ddc</subfield>
    <subfield code="4">0</subfield>
    <subfield code="7">0</subfield>
    <subfield code="8">NFIC</subfield>
    <subfield code="a">001</subfield>
    <subfield code="b">001</subfield>
    <subfield code="c">LSHTK</subfield>
    <subfield code="d">2025-07-22</subfield>
    <subfield code="l">0</subfield>
    <subfield code="o">BOA 550 PZ7</subfield>
    <subfield code="p">2025-2541</subfield>
    <subfield code="r">2025-07-22 10:49:03</subfield>
    <subfield code="t">18</subfield>
    <subfield code="w">2025-07-22</subfield>
    <subfield code="y">BK</subfield>
  </datafield>
  <datafield tag="952" ind1=" " ind2=" ">
    <subfield code="0">0</subfield>
    <subfield code="1">0</subfield>
    <subfield code="2">ddc</subfield>
    <subfield code="4">0</subfield>
    <subfield code="7">0</subfield>
    <subfield code="8">NFIC</subfield>
    <subfield code="a">001</subfield>
    <subfield code="b">001</subfield>
    <subfield code="c">LSHTK</subfield>
    <subfield code="d">2025-07-22</subfield>
    <subfield code="l">0</subfield>
    <subfield code="o">BOA 550 PZ7</subfield>
    <subfield code="p">2025-2542</subfield>
    <subfield code="r">2025-07-22 10:49:11</subfield>
    <subfield code="t">19</subfield>
    <subfield code="w">2025-07-22</subfield>
    <subfield code="y">BK</subfield>
  </datafield>
  <datafield tag="952" ind1=" " ind2=" ">
    <subfield code="0">0</subfield>
    <subfield code="1">0</subfield>
    <subfield code="2">ddc</subfield>
    <subfield code="4">0</subfield>
    <subfield code="7">0</subfield>
    <subfield code="8">NFIC</subfield>
    <subfield code="a">001</subfield>
    <subfield code="b">001</subfield>
    <subfield code="c">LSHTK</subfield>
    <subfield code="d">2025-07-22</subfield>
    <subfield code="l">0</subfield>
    <subfield code="o">BOA 550 PZ7</subfield>
    <subfield code="p">2025-2543</subfield>
    <subfield code="r">2025-07-22 10:49:19</subfield>
    <subfield code="t">20</subfield>
    <subfield code="w">2025-07-22</subfield>
    <subfield code="y">BK</subfield>
  </datafield>
  <datafield tag="952" ind1=" " ind2=" ">
    <subfield code="0">0</subfield>
    <subfield code="1">0</subfield>
    <subfield code="2">ddc</subfield>
    <subfield code="4">0</subfield>
    <subfield code="7">0</subfield>
    <subfield code="8">NFIC</subfield>
    <subfield code="a">001</subfield>
    <subfield code="b">001</subfield>
    <subfield code="c">LSHTK</subfield>
    <subfield code="d">2025-07-22</subfield>
    <subfield code="l">0</subfield>
    <subfield code="o">BOA 550 PZ7</subfield>
    <subfield code="p">2025-2544</subfield>
    <subfield code="r">2025-07-22 10:49:31</subfield>
    <subfield code="t">21</subfield>
    <subfield code="w">2025-07-22</subfield>
    <subfield code="y">BK</subfield>
  </datafield>
  <datafield tag="952" ind1=" " ind2=" ">
    <subfield code="0">0</subfield>
    <subfield code="1">0</subfield>
    <subfield code="2">ddc</subfield>
    <subfield code="4">0</subfield>
    <subfield code="7">0</subfield>
    <subfield code="8">NFIC</subfield>
    <subfield code="a">001</subfield>
    <subfield code="b">001</subfield>
    <subfield code="c">LSHTK</subfield>
    <subfield code="d">2025-07-22</subfield>
    <subfield code="l">0</subfield>
    <subfield code="o">BOA 550 PZ7</subfield>
    <subfield code="p">2025-2545</subfield>
    <subfield code="r">2025-07-22 10:49:37</subfield>
    <subfield code="t">22</subfield>
    <subfield code="w">2025-07-22</subfield>
    <subfield code="y">BK</subfield>
  </datafield>
  <datafield tag="952" ind1=" " ind2=" ">
    <subfield code="0">0</subfield>
    <subfield code="1">0</subfield>
    <subfield code="2">ddc</subfield>
    <subfield code="4">0</subfield>
    <subfield code="7">0</subfield>
    <subfield code="8">NFIC</subfield>
    <subfield code="a">001</subfield>
    <subfield code="b">001</subfield>
    <subfield code="c">LSHTK</subfield>
    <subfield code="d">2025-07-22</subfield>
    <subfield code="l">0</subfield>
    <subfield code="o">BOA 550 PZ7</subfield>
    <subfield code="p">2025-2546</subfield>
    <subfield code="r">2025-07-22 10:49:43</subfield>
    <subfield code="t">23</subfield>
    <subfield code="w">2025-07-22</subfield>
    <subfield code="y">BK</subfield>
  </datafield>
  <datafield tag="952" ind1=" " ind2=" ">
    <subfield code="0">0</subfield>
    <subfield code="1">0</subfield>
    <subfield code="2">ddc</subfield>
    <subfield code="4">0</subfield>
    <subfield code="7">0</subfield>
    <subfield code="8">NFIC</subfield>
    <subfield code="a">001</subfield>
    <subfield code="b">001</subfield>
    <subfield code="c">LSHTK</subfield>
    <subfield code="d">2025-07-22</subfield>
    <subfield code="l">0</subfield>
    <subfield code="o">BOA 550 PZ7</subfield>
    <subfield code="p">2025-2547</subfield>
    <subfield code="r">2025-07-22 10:49:50</subfield>
    <subfield code="t">24</subfield>
    <subfield code="w">2025-07-22</subfield>
    <subfield code="y">BK</subfield>
  </datafield>
  <datafield tag="952" ind1=" " ind2=" ">
    <subfield code="0">0</subfield>
    <subfield code="1">0</subfield>
    <subfield code="2">ddc</subfield>
    <subfield code="4">0</subfield>
    <subfield code="7">0</subfield>
    <subfield code="8">NFIC</subfield>
    <subfield code="a">001</subfield>
    <subfield code="b">001</subfield>
    <subfield code="c">LSHTK</subfield>
    <subfield code="d">2025-07-22</subfield>
    <subfield code="l">0</subfield>
    <subfield code="o">BOA 550 PZ7</subfield>
    <subfield code="p">2025-2548</subfield>
    <subfield code="r">2025-07-22 10:49:58</subfield>
    <subfield code="t">25</subfield>
    <subfield code="w">2025-07-22</subfield>
    <subfield code="y">BK</subfield>
  </datafield>
  <datafield tag="952" ind1=" " ind2=" ">
    <subfield code="0">0</subfield>
    <subfield code="1">0</subfield>
    <subfield code="2">ddc</subfield>
    <subfield code="4">0</subfield>
    <subfield code="7">0</subfield>
    <subfield code="8">NFIC</subfield>
    <subfield code="a">001</subfield>
    <subfield code="b">001</subfield>
    <subfield code="c">LSHTK</subfield>
    <subfield code="d">2025-07-22</subfield>
    <subfield code="l">0</subfield>
    <subfield code="o">BOA 550 PZ7</subfield>
    <subfield code="p">2025-2549</subfield>
    <subfield code="r">2025-07-22 10:50:05</subfield>
    <subfield code="t">26</subfield>
    <subfield code="w">2025-07-22</subfield>
    <subfield code="y">BK</subfield>
  </datafield>
  <datafield tag="952" ind1=" " ind2=" ">
    <subfield code="0">0</subfield>
    <subfield code="1">0</subfield>
    <subfield code="2">ddc</subfield>
    <subfield code="4">0</subfield>
    <subfield code="7">0</subfield>
    <subfield code="8">NFIC</subfield>
    <subfield code="a">001</subfield>
    <subfield code="b">001</subfield>
    <subfield code="c">LSHTK</subfield>
    <subfield code="d">2025-07-22</subfield>
    <subfield code="l">0</subfield>
    <subfield code="o">BOA 550 PZ7</subfield>
    <subfield code="p">2025-2550</subfield>
    <subfield code="r">2025-07-22 10:50:13</subfield>
    <subfield code="t">27</subfield>
    <subfield code="w">2025-07-22</subfield>
    <subfield code="y">BK</subfield>
  </datafield>
  <datafield tag="952" ind1=" " ind2=" ">
    <subfield code="0">0</subfield>
    <subfield code="1">0</subfield>
    <subfield code="2">ddc</subfield>
    <subfield code="4">0</subfield>
    <subfield code="7">0</subfield>
    <subfield code="8">NFIC</subfield>
    <subfield code="a">001</subfield>
    <subfield code="b">001</subfield>
    <subfield code="c">LSHTK</subfield>
    <subfield code="d">2025-07-22</subfield>
    <subfield code="l">0</subfield>
    <subfield code="o">BOA 550 PZ7</subfield>
    <subfield code="p">2025-2551</subfield>
    <subfield code="r">2025-07-22 10:50:21</subfield>
    <subfield code="t">28</subfield>
    <subfield code="w">2025-07-22</subfield>
    <subfield code="y">BK</subfield>
  </datafield>
  <datafield tag="952" ind1=" " ind2=" ">
    <subfield code="0">0</subfield>
    <subfield code="1">0</subfield>
    <subfield code="2">ddc</subfield>
    <subfield code="4">0</subfield>
    <subfield code="7">0</subfield>
    <subfield code="8">NFIC</subfield>
    <subfield code="a">001</subfield>
    <subfield code="b">001</subfield>
    <subfield code="c">LSHTK</subfield>
    <subfield code="d">2025-07-22</subfield>
    <subfield code="l">0</subfield>
    <subfield code="o">BOA 550 PZ7</subfield>
    <subfield code="p">2025-2552</subfield>
    <subfield code="r">2025-07-22 10:50:30</subfield>
    <subfield code="t">29</subfield>
    <subfield code="w">2025-07-22</subfield>
    <subfield code="y">BK</subfield>
  </datafield>
  <datafield tag="952" ind1=" " ind2=" ">
    <subfield code="0">0</subfield>
    <subfield code="1">0</subfield>
    <subfield code="2">ddc</subfield>
    <subfield code="4">0</subfield>
    <subfield code="7">0</subfield>
    <subfield code="8">NFIC</subfield>
    <subfield code="a">001</subfield>
    <subfield code="b">001</subfield>
    <subfield code="c">LSHTK</subfield>
    <subfield code="d">2025-07-22</subfield>
    <subfield code="l">0</subfield>
    <subfield code="o">BOA 550 PZ7</subfield>
    <subfield code="p">2025-2553</subfield>
    <subfield code="r">2025-07-22 10:50:37</subfield>
    <subfield code="t">30</subfield>
    <subfield code="w">2025-07-22</subfield>
    <subfield code="y">BK</subfield>
  </datafield>
  <datafield tag="952" ind1=" " ind2=" ">
    <subfield code="0">0</subfield>
    <subfield code="1">0</subfield>
    <subfield code="2">ddc</subfield>
    <subfield code="4">0</subfield>
    <subfield code="7">0</subfield>
    <subfield code="8">NFIC</subfield>
    <subfield code="a">001</subfield>
    <subfield code="b">001</subfield>
    <subfield code="c">LSHTK</subfield>
    <subfield code="d">2025-07-22</subfield>
    <subfield code="l">0</subfield>
    <subfield code="o">BOA 550 PZ7</subfield>
    <subfield code="p">2025-2554</subfield>
    <subfield code="r">2025-07-22 10:50:44</subfield>
    <subfield code="t">31</subfield>
    <subfield code="w">2025-07-22</subfield>
    <subfield code="y">BK</subfield>
  </datafield>
  <datafield tag="952" ind1=" " ind2=" ">
    <subfield code="0">0</subfield>
    <subfield code="1">0</subfield>
    <subfield code="2">ddc</subfield>
    <subfield code="4">0</subfield>
    <subfield code="7">0</subfield>
    <subfield code="8">NFIC</subfield>
    <subfield code="a">001</subfield>
    <subfield code="b">001</subfield>
    <subfield code="c">LSHTK</subfield>
    <subfield code="d">2025-07-22</subfield>
    <subfield code="l">0</subfield>
    <subfield code="o">BOA 550 PZ7</subfield>
    <subfield code="p">2025-2555</subfield>
    <subfield code="r">2025-07-22 10:50:51</subfield>
    <subfield code="t">32</subfield>
    <subfield code="w">2025-07-22</subfield>
    <subfield code="y">BK</subfield>
  </datafield>
  <datafield tag="952" ind1=" " ind2=" ">
    <subfield code="0">0</subfield>
    <subfield code="1">0</subfield>
    <subfield code="2">ddc</subfield>
    <subfield code="4">0</subfield>
    <subfield code="7">0</subfield>
    <subfield code="8">NFIC</subfield>
    <subfield code="a">001</subfield>
    <subfield code="b">001</subfield>
    <subfield code="c">LSHTK</subfield>
    <subfield code="d">2025-07-22</subfield>
    <subfield code="l">0</subfield>
    <subfield code="o">BOA 550 PZ7</subfield>
    <subfield code="p">2025-2556</subfield>
    <subfield code="r">2025-07-22 10:50:58</subfield>
    <subfield code="t">33</subfield>
    <subfield code="w">2025-07-22</subfield>
    <subfield code="y">BK</subfield>
  </datafield>
  <datafield tag="952" ind1=" " ind2=" ">
    <subfield code="0">0</subfield>
    <subfield code="1">0</subfield>
    <subfield code="2">ddc</subfield>
    <subfield code="4">0</subfield>
    <subfield code="7">0</subfield>
    <subfield code="8">NFIC</subfield>
    <subfield code="a">001</subfield>
    <subfield code="b">001</subfield>
    <subfield code="c">LSHTK</subfield>
    <subfield code="d">2025-07-22</subfield>
    <subfield code="l">0</subfield>
    <subfield code="o">BOA 550 PZ7</subfield>
    <subfield code="p">2025-2557</subfield>
    <subfield code="r">2025-07-22 10:51:05</subfield>
    <subfield code="t">34</subfield>
    <subfield code="w">2025-07-22</subfield>
    <subfield code="y">BK</subfield>
  </datafield>
  <datafield tag="952" ind1=" " ind2=" ">
    <subfield code="0">0</subfield>
    <subfield code="1">0</subfield>
    <subfield code="2">ddc</subfield>
    <subfield code="4">0</subfield>
    <subfield code="7">0</subfield>
    <subfield code="8">NFIC</subfield>
    <subfield code="a">001</subfield>
    <subfield code="b">001</subfield>
    <subfield code="c">LSHTK</subfield>
    <subfield code="d">2025-07-22</subfield>
    <subfield code="l">0</subfield>
    <subfield code="o">BOA 550 PZ7</subfield>
    <subfield code="p">2025-2558</subfield>
    <subfield code="r">2025-07-22 10:51:13</subfield>
    <subfield code="t">35</subfield>
    <subfield code="w">2025-07-22</subfield>
    <subfield code="y">BK</subfield>
  </datafield>
  <datafield tag="952" ind1=" " ind2=" ">
    <subfield code="0">0</subfield>
    <subfield code="1">0</subfield>
    <subfield code="2">ddc</subfield>
    <subfield code="4">0</subfield>
    <subfield code="7">0</subfield>
    <subfield code="8">NFIC</subfield>
    <subfield code="a">001</subfield>
    <subfield code="b">001</subfield>
    <subfield code="c">LSHTK</subfield>
    <subfield code="d">2025-07-22</subfield>
    <subfield code="l">0</subfield>
    <subfield code="o">BOA 550 PZ7</subfield>
    <subfield code="p">2025-2559</subfield>
    <subfield code="r">2025-07-22 10:51:21</subfield>
    <subfield code="t">36</subfield>
    <subfield code="w">2025-07-22</subfield>
    <subfield code="y">BK</subfield>
  </datafield>
  <datafield tag="952" ind1=" " ind2=" ">
    <subfield code="0">0</subfield>
    <subfield code="1">0</subfield>
    <subfield code="2">ddc</subfield>
    <subfield code="4">0</subfield>
    <subfield code="7">0</subfield>
    <subfield code="8">NFIC</subfield>
    <subfield code="a">001</subfield>
    <subfield code="b">001</subfield>
    <subfield code="c">LSHTK</subfield>
    <subfield code="d">2025-07-22</subfield>
    <subfield code="l">0</subfield>
    <subfield code="o">BOA 550 PZ7</subfield>
    <subfield code="p">2025-2560</subfield>
    <subfield code="r">2025-07-22 10:51:29</subfield>
    <subfield code="t">37</subfield>
    <subfield code="w">2025-07-22</subfield>
    <subfield code="y">BK</subfield>
  </datafield>
  <datafield tag="952" ind1=" " ind2=" ">
    <subfield code="0">0</subfield>
    <subfield code="1">0</subfield>
    <subfield code="2">ddc</subfield>
    <subfield code="4">0</subfield>
    <subfield code="7">0</subfield>
    <subfield code="8">NFIC</subfield>
    <subfield code="a">001</subfield>
    <subfield code="b">001</subfield>
    <subfield code="c">LSHTK</subfield>
    <subfield code="d">2025-07-22</subfield>
    <subfield code="l">0</subfield>
    <subfield code="o">BOA 550 PZ7</subfield>
    <subfield code="p">2025-2561</subfield>
    <subfield code="r">2025-07-22 10:51:37</subfield>
    <subfield code="t">38</subfield>
    <subfield code="w">2025-07-22</subfield>
    <subfield code="y">BK</subfield>
  </datafield>
  <datafield tag="952" ind1=" " ind2=" ">
    <subfield code="0">0</subfield>
    <subfield code="1">0</subfield>
    <subfield code="2">ddc</subfield>
    <subfield code="4">0</subfield>
    <subfield code="7">0</subfield>
    <subfield code="8">NFIC</subfield>
    <subfield code="a">001</subfield>
    <subfield code="b">001</subfield>
    <subfield code="c">LSHTK</subfield>
    <subfield code="d">2025-07-22</subfield>
    <subfield code="l">0</subfield>
    <subfield code="o">BOA 550 PZ7</subfield>
    <subfield code="p">2025-2562</subfield>
    <subfield code="r">2025-07-22 10:51:47</subfield>
    <subfield code="t">39</subfield>
    <subfield code="w">2025-07-22</subfield>
    <subfield code="y">BK</subfield>
  </datafield>
  <datafield tag="952" ind1=" " ind2=" ">
    <subfield code="0">0</subfield>
    <subfield code="1">0</subfield>
    <subfield code="2">ddc</subfield>
    <subfield code="4">0</subfield>
    <subfield code="7">0</subfield>
    <subfield code="8">NFIC</subfield>
    <subfield code="a">001</subfield>
    <subfield code="b">001</subfield>
    <subfield code="c">LSHTK</subfield>
    <subfield code="d">2025-07-22</subfield>
    <subfield code="l">0</subfield>
    <subfield code="o">BOA 550 PZ7</subfield>
    <subfield code="p">2025-2563</subfield>
    <subfield code="r">2025-07-22 10:51:54</subfield>
    <subfield code="t">40</subfield>
    <subfield code="w">2025-07-22</subfield>
    <subfield code="y">BK</subfield>
  </datafield>
  <datafield tag="952" ind1=" " ind2=" ">
    <subfield code="0">0</subfield>
    <subfield code="1">0</subfield>
    <subfield code="2">ddc</subfield>
    <subfield code="4">0</subfield>
    <subfield code="7">0</subfield>
    <subfield code="8">NFIC</subfield>
    <subfield code="a">001</subfield>
    <subfield code="b">001</subfield>
    <subfield code="c">LSHTK</subfield>
    <subfield code="d">2025-07-22</subfield>
    <subfield code="l">0</subfield>
    <subfield code="o">BOA 550 PZ7</subfield>
    <subfield code="p">2025-2564</subfield>
    <subfield code="r">2025-07-22 10:52:17</subfield>
    <subfield code="t">41</subfield>
    <subfield code="w">2025-07-22</subfield>
    <subfield code="y">BK</subfield>
  </datafield>
  <datafield tag="952" ind1=" " ind2=" ">
    <subfield code="0">0</subfield>
    <subfield code="1">0</subfield>
    <subfield code="2">ddc</subfield>
    <subfield code="4">0</subfield>
    <subfield code="7">0</subfield>
    <subfield code="8">NFIC</subfield>
    <subfield code="a">001</subfield>
    <subfield code="b">001</subfield>
    <subfield code="c">LSHTK</subfield>
    <subfield code="d">2025-07-22</subfield>
    <subfield code="l">0</subfield>
    <subfield code="o">BOA 550 PZ7 </subfield>
    <subfield code="p">2025-2565</subfield>
    <subfield code="r">2025-07-22 10:52:30</subfield>
    <subfield code="t">42</subfield>
    <subfield code="w">2025-07-22</subfield>
    <subfield code="y">BK</subfield>
  </datafield>
  <datafield tag="952" ind1=" " ind2=" ">
    <subfield code="0">0</subfield>
    <subfield code="1">0</subfield>
    <subfield code="2">ddc</subfield>
    <subfield code="4">0</subfield>
    <subfield code="7">0</subfield>
    <subfield code="8">NFIC</subfield>
    <subfield code="a">001</subfield>
    <subfield code="b">001</subfield>
    <subfield code="c">LSHTK</subfield>
    <subfield code="d">2025-07-22</subfield>
    <subfield code="l">0</subfield>
    <subfield code="o">BOA 550 PZ7 </subfield>
    <subfield code="p">2025-2566</subfield>
    <subfield code="r">2025-07-22 10:52:47</subfield>
    <subfield code="t">43</subfield>
    <subfield code="w">2025-07-22</subfield>
    <subfield code="y">BK</subfield>
  </datafield>
  <datafield tag="952" ind1=" " ind2=" ">
    <subfield code="0">0</subfield>
    <subfield code="1">0</subfield>
    <subfield code="2">ddc</subfield>
    <subfield code="4">0</subfield>
    <subfield code="7">0</subfield>
    <subfield code="8">NFIC</subfield>
    <subfield code="a">001</subfield>
    <subfield code="b">001</subfield>
    <subfield code="c">LSHTK</subfield>
    <subfield code="d">2025-07-22</subfield>
    <subfield code="l">0</subfield>
    <subfield code="o">BOA 550 PZ7 </subfield>
    <subfield code="p">2025-2567</subfield>
    <subfield code="r">2025-07-22 10:52:56</subfield>
    <subfield code="t">44</subfield>
    <subfield code="w">2025-07-22</subfield>
    <subfield code="y">BK</subfield>
  </datafield>
  <datafield tag="952" ind1=" " ind2=" ">
    <subfield code="0">0</subfield>
    <subfield code="1">0</subfield>
    <subfield code="2">ddc</subfield>
    <subfield code="4">0</subfield>
    <subfield code="7">0</subfield>
    <subfield code="8">NFIC</subfield>
    <subfield code="a">001</subfield>
    <subfield code="b">001</subfield>
    <subfield code="c">LSHTK</subfield>
    <subfield code="d">2025-07-22</subfield>
    <subfield code="l">0</subfield>
    <subfield code="o">BOA 550 PZ7 </subfield>
    <subfield code="p">2025-2568</subfield>
    <subfield code="r">2025-07-22 10:53:05</subfield>
    <subfield code="t">45</subfield>
    <subfield code="w">2025-07-22</subfield>
    <subfield code="y">BK</subfield>
  </datafield>
  <datafield tag="952" ind1=" " ind2=" ">
    <subfield code="0">0</subfield>
    <subfield code="1">0</subfield>
    <subfield code="2">ddc</subfield>
    <subfield code="4">0</subfield>
    <subfield code="7">0</subfield>
    <subfield code="8">NFIC</subfield>
    <subfield code="a">001</subfield>
    <subfield code="b">001</subfield>
    <subfield code="c">LSHTK</subfield>
    <subfield code="d">2025-07-22</subfield>
    <subfield code="l">0</subfield>
    <subfield code="o">BOA 550 PZ7 </subfield>
    <subfield code="p">2025-2569</subfield>
    <subfield code="r">2025-07-22 10:53:16</subfield>
    <subfield code="t">46</subfield>
    <subfield code="w">2025-07-22</subfield>
    <subfield code="y">BK</subfield>
  </datafield>
  <datafield tag="952" ind1=" " ind2=" ">
    <subfield code="0">0</subfield>
    <subfield code="1">0</subfield>
    <subfield code="2">ddc</subfield>
    <subfield code="4">0</subfield>
    <subfield code="7">0</subfield>
    <subfield code="8">NFIC</subfield>
    <subfield code="a">001</subfield>
    <subfield code="b">001</subfield>
    <subfield code="c">LSHTK</subfield>
    <subfield code="d">2025-07-22</subfield>
    <subfield code="l">0</subfield>
    <subfield code="o">BOA 550 PZ7 </subfield>
    <subfield code="p">2025-2570</subfield>
    <subfield code="r">2025-07-22 10:53:26</subfield>
    <subfield code="t">47</subfield>
    <subfield code="w">2025-07-22</subfield>
    <subfield code="y">BK</subfield>
  </datafield>
  <datafield tag="952" ind1=" " ind2=" ">
    <subfield code="0">0</subfield>
    <subfield code="1">0</subfield>
    <subfield code="2">ddc</subfield>
    <subfield code="4">0</subfield>
    <subfield code="7">0</subfield>
    <subfield code="8">NFIC</subfield>
    <subfield code="a">001</subfield>
    <subfield code="b">001</subfield>
    <subfield code="c">LSHTK</subfield>
    <subfield code="d">2025-07-22</subfield>
    <subfield code="l">0</subfield>
    <subfield code="o">BOA 550 PZ7 </subfield>
    <subfield code="p">2025-2571</subfield>
    <subfield code="r">2025-07-22 10:53:47</subfield>
    <subfield code="t">48</subfield>
    <subfield code="w">2025-07-22</subfield>
    <subfield code="y">BK</subfield>
  </datafield>
  <datafield tag="952" ind1=" " ind2=" ">
    <subfield code="0">0</subfield>
    <subfield code="1">0</subfield>
    <subfield code="2">ddc</subfield>
    <subfield code="4">0</subfield>
    <subfield code="7">0</subfield>
    <subfield code="8">NFIC</subfield>
    <subfield code="a">001</subfield>
    <subfield code="b">001</subfield>
    <subfield code="c">LSHTK</subfield>
    <subfield code="d">2025-07-22</subfield>
    <subfield code="l">0</subfield>
    <subfield code="o">BOA 550 PZ7 </subfield>
    <subfield code="p">2025-2572</subfield>
    <subfield code="r">2025-07-22 10:53:56</subfield>
    <subfield code="t">49</subfield>
    <subfield code="w">2025-07-22</subfield>
    <subfield code="y">BK</subfield>
  </datafield>
  <datafield tag="952" ind1=" " ind2=" ">
    <subfield code="0">0</subfield>
    <subfield code="1">0</subfield>
    <subfield code="2">ddc</subfield>
    <subfield code="4">0</subfield>
    <subfield code="7">0</subfield>
    <subfield code="8">NFIC</subfield>
    <subfield code="a">001</subfield>
    <subfield code="b">001</subfield>
    <subfield code="c">LSHTK</subfield>
    <subfield code="d">2025-07-22</subfield>
    <subfield code="l">0</subfield>
    <subfield code="o">BOA 550 PZ7 </subfield>
    <subfield code="p">2025-2573</subfield>
    <subfield code="r">2025-07-22 10:54:11</subfield>
    <subfield code="t">50</subfield>
    <subfield code="w">2025-07-22</subfield>
    <subfield code="y">BK</subfield>
  </datafield>
  <datafield tag="952" ind1=" " ind2=" ">
    <subfield code="0">0</subfield>
    <subfield code="1">0</subfield>
    <subfield code="2">ddc</subfield>
    <subfield code="4">0</subfield>
    <subfield code="7">0</subfield>
    <subfield code="8">NFIC</subfield>
    <subfield code="a">002</subfield>
    <subfield code="b">001</subfield>
    <subfield code="c">LSHTTP</subfield>
    <subfield code="d">2025-07-22</subfield>
    <subfield code="l">1</subfield>
    <subfield code="o">BOA 550 PZ7 </subfield>
    <subfield code="p">2025-3415</subfield>
    <subfield code="r">2025-10-21 11:05:03</subfield>
    <subfield code="s">2025-08-06</subfield>
    <subfield code="t">51.1</subfield>
    <subfield code="w">2025-07-22</subfield>
    <subfield code="y">BK</subfield>
  </datafield>
  <datafield tag="952" ind1=" " ind2=" ">
    <subfield code="0">0</subfield>
    <subfield code="1">0</subfield>
    <subfield code="2">ddc</subfield>
    <subfield code="4">0</subfield>
    <subfield code="7">0</subfield>
    <subfield code="8">NFIC</subfield>
    <subfield code="a">002</subfield>
    <subfield code="b">001</subfield>
    <subfield code="c">LSHTTP</subfield>
    <subfield code="d">2025-07-22</subfield>
    <subfield code="l">1</subfield>
    <subfield code="o">BOA 550 PZ7 </subfield>
    <subfield code="p">2025-3416</subfield>
    <subfield code="r">2025-10-21 11:05:03</subfield>
    <subfield code="s">2025-08-06</subfield>
    <subfield code="t">52.2</subfield>
    <subfield code="w">2025-07-22</subfield>
    <subfield code="y">BK</subfield>
  </datafield>
  <datafield tag="952" ind1=" " ind2=" ">
    <subfield code="0">0</subfield>
    <subfield code="1">0</subfield>
    <subfield code="2">ddc</subfield>
    <subfield code="4">0</subfield>
    <subfield code="7">0</subfield>
    <subfield code="8">NFIC</subfield>
    <subfield code="a">002</subfield>
    <subfield code="b">001</subfield>
    <subfield code="c">LSHTTP</subfield>
    <subfield code="d">2025-07-22</subfield>
    <subfield code="l">1</subfield>
    <subfield code="o">BOA 550 PZ7 </subfield>
    <subfield code="p">2025-3417</subfield>
    <subfield code="r">2025-10-21 11:05:03</subfield>
    <subfield code="s">2025-08-06</subfield>
    <subfield code="t">53.3</subfield>
    <subfield code="w">2025-07-22</subfield>
    <subfield code="y">BK</subfield>
  </datafield>
  <datafield tag="952" ind1=" " ind2=" ">
    <subfield code="0">0</subfield>
    <subfield code="1">0</subfield>
    <subfield code="2">ddc</subfield>
    <subfield code="4">0</subfield>
    <subfield code="7">0</subfield>
    <subfield code="8">NFIC</subfield>
    <subfield code="a">002</subfield>
    <subfield code="b">001</subfield>
    <subfield code="c">LSHTTP</subfield>
    <subfield code="d">2025-07-22</subfield>
    <subfield code="l">1</subfield>
    <subfield code="o">BOA 550 PZ7 </subfield>
    <subfield code="p">2025-3418</subfield>
    <subfield code="r">2025-10-21 11:05:04</subfield>
    <subfield code="s">2025-08-06</subfield>
    <subfield code="t">54.4</subfield>
    <subfield code="w">2025-07-22</subfield>
    <subfield code="y">BK</subfield>
  </datafield>
  <datafield tag="952" ind1=" " ind2=" ">
    <subfield code="0">0</subfield>
    <subfield code="1">0</subfield>
    <subfield code="2">ddc</subfield>
    <subfield code="4">0</subfield>
    <subfield code="7">0</subfield>
    <subfield code="8">NFIC</subfield>
    <subfield code="a">002</subfield>
    <subfield code="b">001</subfield>
    <subfield code="c">LSHTTP</subfield>
    <subfield code="d">2025-07-22</subfield>
    <subfield code="l">1</subfield>
    <subfield code="o">BOA 550 PZ7 </subfield>
    <subfield code="p">2025-3419</subfield>
    <subfield code="r">2025-10-21 11:05:03</subfield>
    <subfield code="s">2025-08-06</subfield>
    <subfield code="t">55.5</subfield>
    <subfield code="w">2025-07-22</subfield>
    <subfield code="y">BK</subfield>
  </datafield>
  <datafield tag="952" ind1=" " ind2=" ">
    <subfield code="0">0</subfield>
    <subfield code="1">0</subfield>
    <subfield code="2">ddc</subfield>
    <subfield code="4">0</subfield>
    <subfield code="7">0</subfield>
    <subfield code="8">NFIC</subfield>
    <subfield code="a">002</subfield>
    <subfield code="b">001</subfield>
    <subfield code="c">LSHTTP</subfield>
    <subfield code="d">2025-07-22</subfield>
    <subfield code="l">1</subfield>
    <subfield code="o">BOA 550 PZ7 </subfield>
    <subfield code="p">2025-3420</subfield>
    <subfield code="r">2025-10-21 11:05:03</subfield>
    <subfield code="s">2025-08-06</subfield>
    <subfield code="t">56.6</subfield>
    <subfield code="w">2025-07-22</subfield>
    <subfield code="y">BK</subfield>
  </datafield>
  <datafield tag="952" ind1=" " ind2=" ">
    <subfield code="0">0</subfield>
    <subfield code="1">0</subfield>
    <subfield code="2">ddc</subfield>
    <subfield code="4">0</subfield>
    <subfield code="7">0</subfield>
    <subfield code="8">NFIC</subfield>
    <subfield code="a">002</subfield>
    <subfield code="b">001</subfield>
    <subfield code="c">LSHTTP</subfield>
    <subfield code="d">2025-07-22</subfield>
    <subfield code="l">1</subfield>
    <subfield code="o">BOA 550 PZ7 </subfield>
    <subfield code="p">2025-3421</subfield>
    <subfield code="r">2025-10-21 11:05:04</subfield>
    <subfield code="s">2025-08-06</subfield>
    <subfield code="t">57.7</subfield>
    <subfield code="w">2025-07-22</subfield>
    <subfield code="y">BK</subfield>
  </datafield>
  <datafield tag="952" ind1=" " ind2=" ">
    <subfield code="0">0</subfield>
    <subfield code="1">0</subfield>
    <subfield code="2">ddc</subfield>
    <subfield code="4">0</subfield>
    <subfield code="7">0</subfield>
    <subfield code="8">NFIC</subfield>
    <subfield code="a">002</subfield>
    <subfield code="b">001</subfield>
    <subfield code="c">LSHTTP</subfield>
    <subfield code="d">2025-07-22</subfield>
    <subfield code="l">1</subfield>
    <subfield code="o">BOA 550 PZ7 </subfield>
    <subfield code="p">2025-3422</subfield>
    <subfield code="r">2025-10-21 11:05:03</subfield>
    <subfield code="s">2025-08-06</subfield>
    <subfield code="t">58.8</subfield>
    <subfield code="w">2025-07-22</subfield>
    <subfield code="y">BK</subfield>
  </datafield>
  <datafield tag="952" ind1=" " ind2=" ">
    <subfield code="0">0</subfield>
    <subfield code="1">0</subfield>
    <subfield code="2">ddc</subfield>
    <subfield code="4">0</subfield>
    <subfield code="7">0</subfield>
    <subfield code="8">NFIC</subfield>
    <subfield code="a">002</subfield>
    <subfield code="b">001</subfield>
    <subfield code="c">LSHTTP</subfield>
    <subfield code="d">2025-07-22</subfield>
    <subfield code="l">1</subfield>
    <subfield code="o">BOA 550 PZ7 </subfield>
    <subfield code="p">2025-3423</subfield>
    <subfield code="r">2025-10-21 11:05:03</subfield>
    <subfield code="s">2025-08-06</subfield>
    <subfield code="t">59.9</subfield>
    <subfield code="w">2025-07-22</subfield>
    <subfield code="y">BK</subfield>
  </datafield>
  <datafield tag="952" ind1=" " ind2=" ">
    <subfield code="0">0</subfield>
    <subfield code="1">0</subfield>
    <subfield code="2">ddc</subfield>
    <subfield code="4">0</subfield>
    <subfield code="7">0</subfield>
    <subfield code="8">NFIC</subfield>
    <subfield code="a">002</subfield>
    <subfield code="b">001</subfield>
    <subfield code="c">LSHTTP</subfield>
    <subfield code="d">2025-07-22</subfield>
    <subfield code="l">1</subfield>
    <subfield code="o">BOA 550 PZ7 </subfield>
    <subfield code="p">2025-3424</subfield>
    <subfield code="r">2025-10-21 11:05:04</subfield>
    <subfield code="s">2025-08-06</subfield>
    <subfield code="t">60.10</subfield>
    <subfield code="w">2025-07-22</subfield>
    <subfield code="y">BK</subfield>
  </datafield>
  <datafield tag="952" ind1=" " ind2=" ">
    <subfield code="0">0</subfield>
    <subfield code="1">0</subfield>
    <subfield code="2">ddc</subfield>
    <subfield code="4">0</subfield>
    <subfield code="7">0</subfield>
    <subfield code="8">NFIC</subfield>
    <subfield code="a">002</subfield>
    <subfield code="b">001</subfield>
    <subfield code="c">LSHTTP</subfield>
    <subfield code="d">2025-07-22</subfield>
    <subfield code="l">1</subfield>
    <subfield code="o">BOA 550 PZ7 </subfield>
    <subfield code="p">2025-3425</subfield>
    <subfield code="r">2025-10-21 11:05:02</subfield>
    <subfield code="s">2025-08-06</subfield>
    <subfield code="t">61.11</subfield>
    <subfield code="w">2025-07-22</subfield>
    <subfield code="y">BK</subfield>
  </datafield>
  <datafield tag="952" ind1=" " ind2=" ">
    <subfield code="0">0</subfield>
    <subfield code="1">0</subfield>
    <subfield code="2">ddc</subfield>
    <subfield code="4">0</subfield>
    <subfield code="7">0</subfield>
    <subfield code="8">NFIC</subfield>
    <subfield code="a">002</subfield>
    <subfield code="b">001</subfield>
    <subfield code="c">LSHTTP</subfield>
    <subfield code="d">2025-07-22</subfield>
    <subfield code="l">1</subfield>
    <subfield code="o">BOA 550 PZ7 </subfield>
    <subfield code="p">2025-3426</subfield>
    <subfield code="r">2025-10-21 11:05:03</subfield>
    <subfield code="s">2025-08-06</subfield>
    <subfield code="t">62.12</subfield>
    <subfield code="w">2025-07-22</subfield>
    <subfield code="y">BK</subfield>
  </datafield>
  <datafield tag="952" ind1=" " ind2=" ">
    <subfield code="0">0</subfield>
    <subfield code="1">0</subfield>
    <subfield code="2">ddc</subfield>
    <subfield code="4">0</subfield>
    <subfield code="7">0</subfield>
    <subfield code="8">NFIC</subfield>
    <subfield code="a">002</subfield>
    <subfield code="b">001</subfield>
    <subfield code="c">LSHTTP</subfield>
    <subfield code="d">2025-07-22</subfield>
    <subfield code="l">1</subfield>
    <subfield code="o">BOA 550 PZ7 </subfield>
    <subfield code="p">2025-3427</subfield>
    <subfield code="r">2025-10-21 11:05:04</subfield>
    <subfield code="s">2025-08-06</subfield>
    <subfield code="t">63.13</subfield>
    <subfield code="w">2025-07-22</subfield>
    <subfield code="y">BK</subfield>
  </datafield>
  <datafield tag="952" ind1=" " ind2=" ">
    <subfield code="0">0</subfield>
    <subfield code="1">0</subfield>
    <subfield code="2">ddc</subfield>
    <subfield code="4">0</subfield>
    <subfield code="7">0</subfield>
    <subfield code="8">NFIC</subfield>
    <subfield code="a">002</subfield>
    <subfield code="b">001</subfield>
    <subfield code="c">LSHTTP</subfield>
    <subfield code="d">2025-07-22</subfield>
    <subfield code="l">1</subfield>
    <subfield code="o">BOA 550 PZ7 </subfield>
    <subfield code="p">2025-3428</subfield>
    <subfield code="r">2025-10-21 11:05:03</subfield>
    <subfield code="s">2025-08-06</subfield>
    <subfield code="t">64.14</subfield>
    <subfield code="w">2025-07-22</subfield>
    <subfield code="y">BK</subfield>
  </datafield>
  <datafield tag="952" ind1=" " ind2=" ">
    <subfield code="0">0</subfield>
    <subfield code="1">0</subfield>
    <subfield code="2">ddc</subfield>
    <subfield code="4">0</subfield>
    <subfield code="7">0</subfield>
    <subfield code="8">NFIC</subfield>
    <subfield code="a">002</subfield>
    <subfield code="b">001</subfield>
    <subfield code="c">LSHTTP</subfield>
    <subfield code="d">2025-07-22</subfield>
    <subfield code="l">1</subfield>
    <subfield code="o">BOA 550 PZ7 </subfield>
    <subfield code="p">2025-3429</subfield>
    <subfield code="r">2025-10-21 11:05:03</subfield>
    <subfield code="s">2025-08-06</subfield>
    <subfield code="t">65.15</subfield>
    <subfield code="w">2025-07-22</subfield>
    <subfield code="y">BK</subfield>
  </datafield>
  <datafield tag="952" ind1=" " ind2=" ">
    <subfield code="0">0</subfield>
    <subfield code="1">0</subfield>
    <subfield code="2">ddc</subfield>
    <subfield code="4">0</subfield>
    <subfield code="7">0</subfield>
    <subfield code="8">NFIC</subfield>
    <subfield code="a">002</subfield>
    <subfield code="b">001</subfield>
    <subfield code="c">LSHTTP</subfield>
    <subfield code="d">2025-07-22</subfield>
    <subfield code="l">1</subfield>
    <subfield code="o">BOA 550 PZ7 </subfield>
    <subfield code="p">2025-3430</subfield>
    <subfield code="r">2025-10-21 11:05:04</subfield>
    <subfield code="s">2025-08-06</subfield>
    <subfield code="t">66.16</subfield>
    <subfield code="w">2025-07-22</subfield>
    <subfield code="y">BK</subfield>
  </datafield>
  <datafield tag="952" ind1=" " ind2=" ">
    <subfield code="0">0</subfield>
    <subfield code="1">0</subfield>
    <subfield code="2">ddc</subfield>
    <subfield code="4">0</subfield>
    <subfield code="7">0</subfield>
    <subfield code="8">NFIC</subfield>
    <subfield code="a">002</subfield>
    <subfield code="b">001</subfield>
    <subfield code="c">LSHTTP</subfield>
    <subfield code="d">2025-07-22</subfield>
    <subfield code="l">1</subfield>
    <subfield code="o">BOA 550 PZ7 </subfield>
    <subfield code="p">2025-3431</subfield>
    <subfield code="r">2025-10-21 11:05:03</subfield>
    <subfield code="s">2025-08-06</subfield>
    <subfield code="t">67.17</subfield>
    <subfield code="w">2025-07-22</subfield>
    <subfield code="y">BK</subfield>
  </datafield>
  <datafield tag="952" ind1=" " ind2=" ">
    <subfield code="0">0</subfield>
    <subfield code="1">0</subfield>
    <subfield code="2">ddc</subfield>
    <subfield code="4">0</subfield>
    <subfield code="7">0</subfield>
    <subfield code="8">NFIC</subfield>
    <subfield code="a">002</subfield>
    <subfield code="b">001</subfield>
    <subfield code="c">LSHTTP</subfield>
    <subfield code="d">2025-07-22</subfield>
    <subfield code="l">1</subfield>
    <subfield code="o">BOA 550 PZ7 </subfield>
    <subfield code="p">2025-3432</subfield>
    <subfield code="r">2025-10-21 11:05:03</subfield>
    <subfield code="s">2025-08-06</subfield>
    <subfield code="t">68.18</subfield>
    <subfield code="w">2025-07-22</subfield>
    <subfield code="y">BK</subfield>
  </datafield>
  <datafield tag="952" ind1=" " ind2=" ">
    <subfield code="0">0</subfield>
    <subfield code="1">0</subfield>
    <subfield code="2">ddc</subfield>
    <subfield code="4">0</subfield>
    <subfield code="7">0</subfield>
    <subfield code="8">NFIC</subfield>
    <subfield code="a">002</subfield>
    <subfield code="b">001</subfield>
    <subfield code="c">LSHTTP</subfield>
    <subfield code="d">2025-07-22</subfield>
    <subfield code="l">1</subfield>
    <subfield code="o">BOA 550 PZ7 </subfield>
    <subfield code="p">2025-3433</subfield>
    <subfield code="r">2025-10-21 11:05:03</subfield>
    <subfield code="s">2025-08-06</subfield>
    <subfield code="t">69.19</subfield>
    <subfield code="w">2025-07-22</subfield>
    <subfield code="y">BK</subfield>
  </datafield>
  <datafield tag="952" ind1=" " ind2=" ">
    <subfield code="0">0</subfield>
    <subfield code="1">0</subfield>
    <subfield code="2">ddc</subfield>
    <subfield code="4">0</subfield>
    <subfield code="7">0</subfield>
    <subfield code="8">NFIC</subfield>
    <subfield code="a">002</subfield>
    <subfield code="b">001</subfield>
    <subfield code="c">LSHTTP</subfield>
    <subfield code="d">2025-07-22</subfield>
    <subfield code="l">1</subfield>
    <subfield code="o">BOA 550 PZ7 </subfield>
    <subfield code="p">2025-3434</subfield>
    <subfield code="r">2025-10-21 11:05:03</subfield>
    <subfield code="s">2025-08-06</subfield>
    <subfield code="t">70.20</subfield>
    <subfield code="w">2025-07-22</subfield>
    <subfield code="y">BK</subfield>
  </datafield>
  <datafield tag="952" ind1=" " ind2=" ">
    <subfield code="0">0</subfield>
    <subfield code="1">0</subfield>
    <subfield code="2">ddc</subfield>
    <subfield code="4">0</subfield>
    <subfield code="7">0</subfield>
    <subfield code="8">NFIC</subfield>
    <subfield code="a">002</subfield>
    <subfield code="b">001</subfield>
    <subfield code="c">LSHTTP</subfield>
    <subfield code="d">2025-07-22</subfield>
    <subfield code="l">1</subfield>
    <subfield code="o">BOA 550 PZ7 </subfield>
    <subfield code="p">2025-3435</subfield>
    <subfield code="r">2025-10-21 11:05:03</subfield>
    <subfield code="s">2025-08-06</subfield>
    <subfield code="t">71.21</subfield>
    <subfield code="w">2025-07-22</subfield>
    <subfield code="y">BK</subfield>
  </datafield>
  <datafield tag="952" ind1=" " ind2=" ">
    <subfield code="0">0</subfield>
    <subfield code="1">0</subfield>
    <subfield code="2">ddc</subfield>
    <subfield code="4">0</subfield>
    <subfield code="7">0</subfield>
    <subfield code="8">NFIC</subfield>
    <subfield code="a">002</subfield>
    <subfield code="b">001</subfield>
    <subfield code="c">LSHTTP</subfield>
    <subfield code="d">2025-07-22</subfield>
    <subfield code="l">1</subfield>
    <subfield code="o">BOA 550 PZ7 </subfield>
    <subfield code="p">2025-3436</subfield>
    <subfield code="r">2025-10-21 11:05:04</subfield>
    <subfield code="s">2025-08-06</subfield>
    <subfield code="t">72.22</subfield>
    <subfield code="w">2025-07-22</subfield>
    <subfield code="y">BK</subfield>
  </datafield>
  <datafield tag="952" ind1=" " ind2=" ">
    <subfield code="0">0</subfield>
    <subfield code="1">0</subfield>
    <subfield code="2">ddc</subfield>
    <subfield code="4">0</subfield>
    <subfield code="7">0</subfield>
    <subfield code="8">NFIC</subfield>
    <subfield code="a">002</subfield>
    <subfield code="b">001</subfield>
    <subfield code="c">LSHTTP</subfield>
    <subfield code="d">2025-07-22</subfield>
    <subfield code="l">1</subfield>
    <subfield code="o">BOA 550 PZ7 </subfield>
    <subfield code="p">2025-3437</subfield>
    <subfield code="r">2025-10-21 11:05:07</subfield>
    <subfield code="s">2025-08-06</subfield>
    <subfield code="t">73.23</subfield>
    <subfield code="w">2025-07-22</subfield>
    <subfield code="y">BK</subfield>
  </datafield>
  <datafield tag="952" ind1=" " ind2=" ">
    <subfield code="0">0</subfield>
    <subfield code="1">0</subfield>
    <subfield code="2">ddc</subfield>
    <subfield code="4">0</subfield>
    <subfield code="7">0</subfield>
    <subfield code="8">NFIC</subfield>
    <subfield code="a">002</subfield>
    <subfield code="b">001</subfield>
    <subfield code="c">LSHTTP</subfield>
    <subfield code="d">2025-07-22</subfield>
    <subfield code="l">1</subfield>
    <subfield code="o">BOA 550 PZ7 </subfield>
    <subfield code="p">2025-3438</subfield>
    <subfield code="r">2025-10-21 11:15:32</subfield>
    <subfield code="s">2025-08-06</subfield>
    <subfield code="t">74.24</subfield>
    <subfield code="w">2025-07-22</subfield>
    <subfield code="y">BK</subfield>
  </datafield>
  <datafield tag="952" ind1=" " ind2=" ">
    <subfield code="0">0</subfield>
    <subfield code="1">0</subfield>
    <subfield code="2">ddc</subfield>
    <subfield code="4">0</subfield>
    <subfield code="7">0</subfield>
    <subfield code="8">NFIC</subfield>
    <subfield code="a">002</subfield>
    <subfield code="b">001</subfield>
    <subfield code="c">LSHTTP</subfield>
    <subfield code="d">2025-07-22</subfield>
    <subfield code="l">1</subfield>
    <subfield code="o">BOA 550 PZ7 </subfield>
    <subfield code="p">2025-3439</subfield>
    <subfield code="r">2025-10-21 11:15:33</subfield>
    <subfield code="s">2025-08-06</subfield>
    <subfield code="t">75.25</subfield>
    <subfield code="w">2025-07-22</subfield>
    <subfield code="y">BK</subfield>
  </datafield>
  <datafield tag="952" ind1=" " ind2=" ">
    <subfield code="0">0</subfield>
    <subfield code="1">0</subfield>
    <subfield code="2">ddc</subfield>
    <subfield code="4">0</subfield>
    <subfield code="7">0</subfield>
    <subfield code="8">NFIC</subfield>
    <subfield code="a">002</subfield>
    <subfield code="b">001</subfield>
    <subfield code="c">LSHTTP</subfield>
    <subfield code="d">2025-07-22</subfield>
    <subfield code="l">1</subfield>
    <subfield code="o">BOA 550 PZ7 </subfield>
    <subfield code="p">2025-3440</subfield>
    <subfield code="r">2025-10-21 11:15:32</subfield>
    <subfield code="s">2025-08-06</subfield>
    <subfield code="t">76.26</subfield>
    <subfield code="w">2025-07-22</subfield>
    <subfield code="y">BK</subfield>
  </datafield>
  <datafield tag="952" ind1=" " ind2=" ">
    <subfield code="0">0</subfield>
    <subfield code="1">0</subfield>
    <subfield code="2">ddc</subfield>
    <subfield code="4">0</subfield>
    <subfield code="7">0</subfield>
    <subfield code="8">NFIC</subfield>
    <subfield code="a">002</subfield>
    <subfield code="b">001</subfield>
    <subfield code="c">LSHTTP</subfield>
    <subfield code="d">2025-07-22</subfield>
    <subfield code="l">1</subfield>
    <subfield code="o">BOA 550 PZ7 </subfield>
    <subfield code="p">2025-3441</subfield>
    <subfield code="r">2025-10-21 11:15:33</subfield>
    <subfield code="s">2025-08-06</subfield>
    <subfield code="t">77.27</subfield>
    <subfield code="w">2025-07-22</subfield>
    <subfield code="y">BK</subfield>
  </datafield>
  <datafield tag="952" ind1=" " ind2=" ">
    <subfield code="0">0</subfield>
    <subfield code="1">0</subfield>
    <subfield code="2">ddc</subfield>
    <subfield code="4">0</subfield>
    <subfield code="7">0</subfield>
    <subfield code="8">NFIC</subfield>
    <subfield code="a">002</subfield>
    <subfield code="b">001</subfield>
    <subfield code="c">LSHTTP</subfield>
    <subfield code="d">2025-07-22</subfield>
    <subfield code="l">1</subfield>
    <subfield code="o">BOA 550 PZ7 </subfield>
    <subfield code="p">2025-3442</subfield>
    <subfield code="r">2025-10-21 11:15:33</subfield>
    <subfield code="s">2025-08-06</subfield>
    <subfield code="t">78.28</subfield>
    <subfield code="w">2025-07-22</subfield>
    <subfield code="y">BK</subfield>
  </datafield>
  <datafield tag="952" ind1=" " ind2=" ">
    <subfield code="0">0</subfield>
    <subfield code="1">0</subfield>
    <subfield code="2">ddc</subfield>
    <subfield code="4">0</subfield>
    <subfield code="7">0</subfield>
    <subfield code="8">NFIC</subfield>
    <subfield code="a">002</subfield>
    <subfield code="b">001</subfield>
    <subfield code="c">LSHTTP</subfield>
    <subfield code="d">2025-07-22</subfield>
    <subfield code="l">1</subfield>
    <subfield code="o">BOA 550 PZ7 </subfield>
    <subfield code="p">2025-3443</subfield>
    <subfield code="r">2025-10-21 11:15:33</subfield>
    <subfield code="s">2025-08-06</subfield>
    <subfield code="t">79.29</subfield>
    <subfield code="w">2025-07-22</subfield>
    <subfield code="y">BK</subfield>
  </datafield>
  <datafield tag="952" ind1=" " ind2=" ">
    <subfield code="0">0</subfield>
    <subfield code="1">0</subfield>
    <subfield code="2">ddc</subfield>
    <subfield code="4">0</subfield>
    <subfield code="7">0</subfield>
    <subfield code="8">NFIC</subfield>
    <subfield code="a">002</subfield>
    <subfield code="b">001</subfield>
    <subfield code="c">LSHTTP</subfield>
    <subfield code="d">2025-07-22</subfield>
    <subfield code="l">1</subfield>
    <subfield code="o">BOA 550 PZ7 </subfield>
    <subfield code="p">2025-3444</subfield>
    <subfield code="r">2025-10-21 11:15:33</subfield>
    <subfield code="s">2025-08-06</subfield>
    <subfield code="t">80.30</subfield>
    <subfield code="w">2025-07-22</subfield>
    <subfield code="y">BK</subfield>
  </datafield>
  <datafield tag="952" ind1=" " ind2=" ">
    <subfield code="0">0</subfield>
    <subfield code="1">0</subfield>
    <subfield code="2">ddc</subfield>
    <subfield code="4">0</subfield>
    <subfield code="7">0</subfield>
    <subfield code="8">NFIC</subfield>
    <subfield code="a">002</subfield>
    <subfield code="b">001</subfield>
    <subfield code="c">LSHTTP</subfield>
    <subfield code="d">2025-07-22</subfield>
    <subfield code="l">1</subfield>
    <subfield code="o">BOA 550 PZ7 </subfield>
    <subfield code="p">2025-3445</subfield>
    <subfield code="r">2025-10-21 11:15:32</subfield>
    <subfield code="s">2025-08-06</subfield>
    <subfield code="t">81.31</subfield>
    <subfield code="w">2025-07-22</subfield>
    <subfield code="y">BK</subfield>
  </datafield>
  <datafield tag="952" ind1=" " ind2=" ">
    <subfield code="0">0</subfield>
    <subfield code="1">0</subfield>
    <subfield code="2">ddc</subfield>
    <subfield code="4">0</subfield>
    <subfield code="7">0</subfield>
    <subfield code="8">NFIC</subfield>
    <subfield code="a">002</subfield>
    <subfield code="b">001</subfield>
    <subfield code="c">LSHTTP</subfield>
    <subfield code="d">2025-07-22</subfield>
    <subfield code="l">1</subfield>
    <subfield code="o">BOA 550 PZ7 </subfield>
    <subfield code="p">2025-3446</subfield>
    <subfield code="r">2025-10-21 11:15:32</subfield>
    <subfield code="s">2025-08-06</subfield>
    <subfield code="t">82.32</subfield>
    <subfield code="w">2025-07-22</subfield>
    <subfield code="y">BK</subfield>
  </datafield>
  <datafield tag="952" ind1=" " ind2=" ">
    <subfield code="0">0</subfield>
    <subfield code="1">0</subfield>
    <subfield code="2">ddc</subfield>
    <subfield code="4">0</subfield>
    <subfield code="7">0</subfield>
    <subfield code="8">NFIC</subfield>
    <subfield code="a">002</subfield>
    <subfield code="b">001</subfield>
    <subfield code="c">LSHTTP</subfield>
    <subfield code="d">2025-07-22</subfield>
    <subfield code="l">1</subfield>
    <subfield code="o">BOA 550 PZ7 </subfield>
    <subfield code="p">2025-3447</subfield>
    <subfield code="r">2025-10-21 11:15:31</subfield>
    <subfield code="s">2025-08-06</subfield>
    <subfield code="t">83.33</subfield>
    <subfield code="w">2025-07-22</subfield>
    <subfield code="y">BK</subfield>
  </datafield>
  <datafield tag="952" ind1=" " ind2=" ">
    <subfield code="0">0</subfield>
    <subfield code="1">0</subfield>
    <subfield code="2">ddc</subfield>
    <subfield code="4">0</subfield>
    <subfield code="7">0</subfield>
    <subfield code="8">NFIC</subfield>
    <subfield code="a">002</subfield>
    <subfield code="b">001</subfield>
    <subfield code="c">LSHTTP</subfield>
    <subfield code="d">2025-07-22</subfield>
    <subfield code="l">1</subfield>
    <subfield code="o">BOA 550 PZ7 </subfield>
    <subfield code="p">2025-3448</subfield>
    <subfield code="r">2025-10-21 11:15:32</subfield>
    <subfield code="s">2025-08-06</subfield>
    <subfield code="t">84.34</subfield>
    <subfield code="w">2025-07-22</subfield>
    <subfield code="y">BK</subfield>
  </datafield>
  <datafield tag="952" ind1=" " ind2=" ">
    <subfield code="0">0</subfield>
    <subfield code="1">0</subfield>
    <subfield code="2">ddc</subfield>
    <subfield code="4">0</subfield>
    <subfield code="7">0</subfield>
    <subfield code="8">NFIC</subfield>
    <subfield code="a">002</subfield>
    <subfield code="b">001</subfield>
    <subfield code="c">LSHTTP</subfield>
    <subfield code="d">2025-07-22</subfield>
    <subfield code="l">1</subfield>
    <subfield code="o">BOA 550 PZ7 </subfield>
    <subfield code="p">2025-3449</subfield>
    <subfield code="r">2025-10-21 11:15:31</subfield>
    <subfield code="s">2025-08-06</subfield>
    <subfield code="t">85.35</subfield>
    <subfield code="w">2025-07-22</subfield>
    <subfield code="y">BK</subfield>
  </datafield>
  <datafield tag="952" ind1=" " ind2=" ">
    <subfield code="0">0</subfield>
    <subfield code="1">0</subfield>
    <subfield code="2">ddc</subfield>
    <subfield code="4">0</subfield>
    <subfield code="7">0</subfield>
    <subfield code="8">NFIC</subfield>
    <subfield code="a">002</subfield>
    <subfield code="b">001</subfield>
    <subfield code="c">LSHTTP</subfield>
    <subfield code="d">2025-07-22</subfield>
    <subfield code="l">1</subfield>
    <subfield code="o">BOA 550 PZ7 </subfield>
    <subfield code="p">2025-3450</subfield>
    <subfield code="r">2025-10-21 11:15:32</subfield>
    <subfield code="s">2025-08-06</subfield>
    <subfield code="t">86.36</subfield>
    <subfield code="w">2025-07-22</subfield>
    <subfield code="y">BK</subfield>
  </datafield>
  <datafield tag="952" ind1=" " ind2=" ">
    <subfield code="0">0</subfield>
    <subfield code="1">0</subfield>
    <subfield code="2">ddc</subfield>
    <subfield code="4">0</subfield>
    <subfield code="7">0</subfield>
    <subfield code="8">NFIC</subfield>
    <subfield code="a">002</subfield>
    <subfield code="b">001</subfield>
    <subfield code="c">LSHTTP</subfield>
    <subfield code="d">2025-07-22</subfield>
    <subfield code="l">1</subfield>
    <subfield code="o">BOA 550 PZ7 </subfield>
    <subfield code="p">2025-3451</subfield>
    <subfield code="r">2025-10-21 11:15:32</subfield>
    <subfield code="s">2025-08-06</subfield>
    <subfield code="t">87.37</subfield>
    <subfield code="w">2025-07-22</subfield>
    <subfield code="y">BK</subfield>
  </datafield>
  <datafield tag="952" ind1=" " ind2=" ">
    <subfield code="0">0</subfield>
    <subfield code="1">0</subfield>
    <subfield code="2">ddc</subfield>
    <subfield code="4">0</subfield>
    <subfield code="7">0</subfield>
    <subfield code="8">NFIC</subfield>
    <subfield code="a">002</subfield>
    <subfield code="b">001</subfield>
    <subfield code="c">LSHTTP</subfield>
    <subfield code="d">2025-07-22</subfield>
    <subfield code="l">1</subfield>
    <subfield code="o">BOA 550 PZ7 </subfield>
    <subfield code="p">2025-3452</subfield>
    <subfield code="r">2025-10-21 11:15:32</subfield>
    <subfield code="s">2025-08-06</subfield>
    <subfield code="t">88.38</subfield>
    <subfield code="w">2025-07-22</subfield>
    <subfield code="y">BK</subfield>
  </datafield>
  <datafield tag="952" ind1=" " ind2=" ">
    <subfield code="0">0</subfield>
    <subfield code="1">0</subfield>
    <subfield code="2">ddc</subfield>
    <subfield code="4">0</subfield>
    <subfield code="7">0</subfield>
    <subfield code="8">NFIC</subfield>
    <subfield code="a">002</subfield>
    <subfield code="b">001</subfield>
    <subfield code="c">LSHTTP</subfield>
    <subfield code="d">2025-07-22</subfield>
    <subfield code="l">1</subfield>
    <subfield code="o">BOA 550 PZ7 </subfield>
    <subfield code="p">2025-3453</subfield>
    <subfield code="r">2025-10-21 11:15:32</subfield>
    <subfield code="s">2025-08-06</subfield>
    <subfield code="t">89.39</subfield>
    <subfield code="w">2025-07-22</subfield>
    <subfield code="y">BK</subfield>
  </datafield>
  <datafield tag="952" ind1=" " ind2=" ">
    <subfield code="0">0</subfield>
    <subfield code="1">0</subfield>
    <subfield code="2">ddc</subfield>
    <subfield code="4">0</subfield>
    <subfield code="7">0</subfield>
    <subfield code="8">NFIC</subfield>
    <subfield code="a">002</subfield>
    <subfield code="b">001</subfield>
    <subfield code="c">LSHTTP</subfield>
    <subfield code="d">2025-07-22</subfield>
    <subfield code="l">1</subfield>
    <subfield code="o">BOA 550 PZ7 </subfield>
    <subfield code="p">2025-3454</subfield>
    <subfield code="r">2025-10-21 11:15:32</subfield>
    <subfield code="s">2025-08-06</subfield>
    <subfield code="t">90.40</subfield>
    <subfield code="w">2025-07-22</subfield>
    <subfield code="y">BK</subfield>
  </datafield>
  <datafield tag="952" ind1=" " ind2=" ">
    <subfield code="0">0</subfield>
    <subfield code="1">0</subfield>
    <subfield code="2">ddc</subfield>
    <subfield code="4">0</subfield>
    <subfield code="7">0</subfield>
    <subfield code="8">NFIC</subfield>
    <subfield code="a">002</subfield>
    <subfield code="b">001</subfield>
    <subfield code="c">LSHTTP</subfield>
    <subfield code="d">2025-07-22</subfield>
    <subfield code="l">1</subfield>
    <subfield code="o">BOA 550 PZ7 </subfield>
    <subfield code="p">2025-3455</subfield>
    <subfield code="r">2025-10-21 11:15:32</subfield>
    <subfield code="s">2025-08-06</subfield>
    <subfield code="t">91.41</subfield>
    <subfield code="w">2025-07-22</subfield>
    <subfield code="y">BK</subfield>
  </datafield>
  <datafield tag="952" ind1=" " ind2=" ">
    <subfield code="0">0</subfield>
    <subfield code="1">0</subfield>
    <subfield code="2">ddc</subfield>
    <subfield code="4">0</subfield>
    <subfield code="7">0</subfield>
    <subfield code="8">NFIC</subfield>
    <subfield code="a">002</subfield>
    <subfield code="b">001</subfield>
    <subfield code="c">LSHTTP</subfield>
    <subfield code="d">2025-07-22</subfield>
    <subfield code="l">1</subfield>
    <subfield code="o">BOA 550 PZ7 </subfield>
    <subfield code="p">2025-3456</subfield>
    <subfield code="r">2025-10-21 11:15:31</subfield>
    <subfield code="s">2025-08-06</subfield>
    <subfield code="t">92.42</subfield>
    <subfield code="w">2025-07-22</subfield>
    <subfield code="y">BK</subfield>
  </datafield>
  <datafield tag="952" ind1=" " ind2=" ">
    <subfield code="0">0</subfield>
    <subfield code="1">0</subfield>
    <subfield code="2">ddc</subfield>
    <subfield code="4">0</subfield>
    <subfield code="7">0</subfield>
    <subfield code="8">NFIC</subfield>
    <subfield code="a">002</subfield>
    <subfield code="b">001</subfield>
    <subfield code="c">LSHTTP</subfield>
    <subfield code="d">2025-07-22</subfield>
    <subfield code="l">1</subfield>
    <subfield code="o">BOA 550 PZ7 </subfield>
    <subfield code="p">2025-3457</subfield>
    <subfield code="r">2025-10-21 11:15:31</subfield>
    <subfield code="s">2025-08-06</subfield>
    <subfield code="t">93.43</subfield>
    <subfield code="w">2025-07-22</subfield>
    <subfield code="y">BK</subfield>
  </datafield>
  <datafield tag="952" ind1=" " ind2=" ">
    <subfield code="0">0</subfield>
    <subfield code="1">0</subfield>
    <subfield code="2">ddc</subfield>
    <subfield code="4">0</subfield>
    <subfield code="7">0</subfield>
    <subfield code="8">NFIC</subfield>
    <subfield code="a">002</subfield>
    <subfield code="b">001</subfield>
    <subfield code="c">LSHTTP</subfield>
    <subfield code="d">2025-07-22</subfield>
    <subfield code="l">1</subfield>
    <subfield code="o">BOA 550 PZ7 </subfield>
    <subfield code="p">2025-3458</subfield>
    <subfield code="r">2025-10-21 11:15:32</subfield>
    <subfield code="s">2025-08-06</subfield>
    <subfield code="t">94.44</subfield>
    <subfield code="w">2025-07-22</subfield>
    <subfield code="y">BK</subfield>
  </datafield>
  <datafield tag="952" ind1=" " ind2=" ">
    <subfield code="0">0</subfield>
    <subfield code="1">0</subfield>
    <subfield code="2">ddc</subfield>
    <subfield code="4">0</subfield>
    <subfield code="7">0</subfield>
    <subfield code="8">NFIC</subfield>
    <subfield code="a">002</subfield>
    <subfield code="b">001</subfield>
    <subfield code="c">LSHTTP</subfield>
    <subfield code="d">2025-07-22</subfield>
    <subfield code="l">1</subfield>
    <subfield code="o">BOA 550 PZ7 </subfield>
    <subfield code="p">2025-3459</subfield>
    <subfield code="r">2025-10-21 11:15:32</subfield>
    <subfield code="s">2025-08-06</subfield>
    <subfield code="t">95.45</subfield>
    <subfield code="w">2025-07-22</subfield>
    <subfield code="y">BK</subfield>
  </datafield>
  <datafield tag="952" ind1=" " ind2=" ">
    <subfield code="0">0</subfield>
    <subfield code="1">0</subfield>
    <subfield code="2">ddc</subfield>
    <subfield code="4">0</subfield>
    <subfield code="7">0</subfield>
    <subfield code="8">NFIC</subfield>
    <subfield code="a">002</subfield>
    <subfield code="b">001</subfield>
    <subfield code="c">LSHTTP</subfield>
    <subfield code="d">2025-07-22</subfield>
    <subfield code="l">1</subfield>
    <subfield code="o">BOA 550 PZ7 </subfield>
    <subfield code="p">2025-3460</subfield>
    <subfield code="r">2025-10-21 11:15:31</subfield>
    <subfield code="s">2025-08-06</subfield>
    <subfield code="t">96.46</subfield>
    <subfield code="w">2025-07-22</subfield>
    <subfield code="y">BK</subfield>
  </datafield>
  <datafield tag="952" ind1=" " ind2=" ">
    <subfield code="0">0</subfield>
    <subfield code="1">0</subfield>
    <subfield code="2">ddc</subfield>
    <subfield code="4">0</subfield>
    <subfield code="7">0</subfield>
    <subfield code="8">NFIC</subfield>
    <subfield code="a">002</subfield>
    <subfield code="b">002</subfield>
    <subfield code="c">LSHTTP</subfield>
    <subfield code="d">2025-07-22</subfield>
    <subfield code="l">0</subfield>
    <subfield code="o">BOA 550 PZ7 </subfield>
    <subfield code="p">2025-3461</subfield>
    <subfield code="r">2025-07-28 13:09:28</subfield>
    <subfield code="t">97.47</subfield>
    <subfield code="w">2025-07-22</subfield>
    <subfield code="y">BK</subfield>
  </datafield>
  <datafield tag="952" ind1=" " ind2=" ">
    <subfield code="0">0</subfield>
    <subfield code="1">0</subfield>
    <subfield code="2">ddc</subfield>
    <subfield code="4">0</subfield>
    <subfield code="7">0</subfield>
    <subfield code="8">NFIC</subfield>
    <subfield code="a">002</subfield>
    <subfield code="b">002</subfield>
    <subfield code="c">LSHTTP</subfield>
    <subfield code="d">2025-07-22</subfield>
    <subfield code="l">0</subfield>
    <subfield code="o">BOA 550 PZ7 </subfield>
    <subfield code="p">2025-3462</subfield>
    <subfield code="r">2025-07-28 13:09:41</subfield>
    <subfield code="t">98.48</subfield>
    <subfield code="w">2025-07-22</subfield>
    <subfield code="y">BK</subfield>
  </datafield>
  <datafield tag="952" ind1=" " ind2=" ">
    <subfield code="0">0</subfield>
    <subfield code="1">0</subfield>
    <subfield code="2">ddc</subfield>
    <subfield code="4">0</subfield>
    <subfield code="7">0</subfield>
    <subfield code="8">NFIC</subfield>
    <subfield code="a">002</subfield>
    <subfield code="b">002</subfield>
    <subfield code="c">LSHTTP</subfield>
    <subfield code="d">2025-07-22</subfield>
    <subfield code="l">0</subfield>
    <subfield code="o">BOA 550 PZ7 </subfield>
    <subfield code="p">2025-3463</subfield>
    <subfield code="r">2025-07-28 13:09:54</subfield>
    <subfield code="t">99.49</subfield>
    <subfield code="w">2025-07-22</subfield>
    <subfield code="y">BK</subfield>
  </datafield>
  <datafield tag="952" ind1=" " ind2=" ">
    <subfield code="0">0</subfield>
    <subfield code="1">0</subfield>
    <subfield code="2">ddc</subfield>
    <subfield code="4">0</subfield>
    <subfield code="7">0</subfield>
    <subfield code="8">NFIC</subfield>
    <subfield code="a">002</subfield>
    <subfield code="b">002</subfield>
    <subfield code="c">LSHTTP</subfield>
    <subfield code="d">2025-07-22</subfield>
    <subfield code="l">0</subfield>
    <subfield code="o">BOA 550 PZ7 </subfield>
    <subfield code="p">2025-3464</subfield>
    <subfield code="r">2025-07-28 13:10:07</subfield>
    <subfield code="t">100.50</subfield>
    <subfield code="w">2025-07-22</subfield>
    <subfield code="y">BK</subfield>
  </datafield>
</record>
